Traduction de vocabulaire en anglais - Statistiques

Statistiques générales
  • Ce quiz a été pris 693 fois
  • Le résultat moyen est 13 sur 15
Statistiques - réponses
Hint Réponse % Correct
frère brother
99%
sœur sister
99%
parfait perfect
97%
aujourd'hui today
97%
regarder watch
97%
souris mouse
96%
respect respect
96%
été summer
95%
jeune young
95%
nettoyer clean
88%
petit little
82%
égalité equality
77%
liberté freedom
77%
stade stadium
75%
courage courage
62%
Aucun quiz correspondant
Distribution des résultats
% des personnes avec chaque résultat
Percentile par nombre de réponses
Votre historique - résultats
Vous n’avez pas pris ce quiz